|
|
|
|
| LEADER |
01955nem a22004452a 4500 |
| 001 |
mzk03001183541 |
| 003 |
CZ BrMZK |
| 005 |
20130219114805.0 |
| 007 |
aj|aa||| |
| 008 |
121005s1841 xr |||||||a|||r|1|||ger|d |
| 034 |
0 |
|
|a a
|d E0163602
|e E0163806
|f N0490626
|g N0490531
|
| 040 |
|
|
|a BOA001
|b cze
|
| 043 |
|
|
|a e-xr---
|b e-xr-jm
|2 czenas
|
| 072 |
|
7 |
|a 912:904
|x Staré mapy
|2 Konspekt
|9 7
|
| 080 |
|
|
|a 930.253
|2 MRF
|
| 080 |
|
|
|a 741/744
|2 MRF
|
| 080 |
|
|
|a (437.322)
|2 MRF
|
| 080 |
|
|
|a (084.3)
|2 MRF
|
| 080 |
|
|
|a (083.92)
|2 MRF
|
| 245 |
0 |
0 |
|a Plan Uiber die zu StiftsHerrschaff Raigern gehörigen Habrina und Moczideln ausigenommen im Jahre 1841
|h [kartografický dokument] /
|c Aufgenommen im Jahre 1841 ...
|
| 255 |
|
|
|a Měřítko neuvedeno
|c (016°36´02" v.d.--016°38´06" v.d./049°06´26" s.š.--049°05´31" s.š.)
|
| 260 |
|
|
|a [S.l. :
|b s.n.],
|c 1841
|
| 300 |
|
|
|a 1 mapa :
|b kresba tuší ;
|c 73,5 x 59,5 cm složeno na 36,5 x 59,5 cm
|
| 500 |
|
|
|a Výzdoba: U levého horního a pravého dolního rohu tabulky s přehledem plochy (Flaechen Inhalts Berechnung der Habrina Breite ; Flaechen Inhalts Berechnung der Moczideln), uprostřed horního okraje název
|
| 500 |
|
|
|a V pravém dolním rohu nečitelný podpis autora
|
| 500 |
|
|
|a Prostor je pouze načrtnutý
|
| 590 |
|
|
|a Drobné trhliny na okrajích
|
| 650 |
|
7 |
|a archivní fondy
|7 ph118590
|2 czenas
|
| 650 |
|
7 |
|a kresba
|7 ph121940
|2 czenas
|
| 655 |
|
7 |
|a historické mapy
|7 fd186723
|2 czenas
|
| 655 |
|
7 |
|a plány
|7 fd133026
|2 czenas
|
| 651 |
|
7 |
|a Rajhrad (Česko : oblast)
|7 ge503240
|2 czenas
|
| 856 |
4 |
1 |
|u https://imageserver.mzk.cz/mzk03/001/183/541/3281G0281036
|y Digitalizovaný dokument
|
| 856 |
4 |
1 |
|u https://imageserver.mzk.cz/mzk03/001/183/541/3281G0281036
|y Digitalizovaný dokument
|
| 910 |
|
|
|e BOE950
|c R - GR - 0000.139,5
|
| 985 |
|
|
|a 1851-1900
|
| 990 |
|
|
|a MP
|
| 996 |
|
|
|e BOE950
|c R - GR - 0000.139,5
|
| 980 |
|
|
|c 281036
|g R-GR-0000.139,5
|1 3281G0281036
|
| 991 |
|
|
|k rajhrad
|